Statistics for TOP 100 Footballer of All Time

Click here to take the quiz!

General Stats

  • This quiz has been taken 1,076 times
  • The average score is 46 of 100

Answer Stats

Country/Main ClubAnswer% Correct
Portugal/Real MadridCristiano Ronaldo
98%
Brazil/Real Madrid, InterRonaldo
98%
Argentina/BarcelonaLionel Messi
97%
Brazil/SantosPelé
97%
Argentina/NapoliDiego Maradona
95%
France/Real MadridZinedine Zidane
88%
Netherlands/AjaxJohan Cruyff
86%
Germany/BayernGerd Müller
85%
France/ArsenalThierry Henry
84%
Brazil/BarcelonaRonaldinho
80%
Hungary/Real MadridFerenc Puskás
78%
Ivory Coast/ChelseaDidier Drogba
72%
Germany/BayernFranz Beckenbauer
71%
Sweden/Milan, PSGZlatan Ibrahimovic
71%
Liberia/MilanGeorge Weah
70%
Portugal/Barcelona, Real MadridLuís Figo
70%
England/Man UtdWayne Rooney
70%
Germany/BayernOliver Kahn
69%
England/Man UtdDavid Beckham
67%
Northern Ireland/Man UtdGeorge Best
67%
Spain/BarcelonaAndrés Iniesta
65%
Portugal/BenficaEusébio
65%
Netherlands/MilanMarco van Basten
65%
Wales/Man UtdRyan Giggs
64%
Ukraine/Milan, ChelseaAndriy Shevchenko
63%
Argentina, Spain/Real MadridAlfredo Di Stéfano
62%
Germany/BayernPhilipp Lahm
62%
Netherlands/Real Madrid, Man UtdRuud van Nistelrooy
61%
Denmark/Man UtdPeter Schmeichel
60%
Netherlands/MilanRuud Gullit
60%
Cameroon/BarcelonaSamuel Eto'o
60%
Soviet Union/Dynamo MoscowLev Yashin
59%
France/JuventusMichel Platini
59%
Italy/MilanPaolo Maldini
59%
England/Newcastle UtdAlan Shearer
57%
Netherlands/ArsenalDennis Bergkamp
56%
England/Man UtdBobby Charlton
55%
Brazil/MilanKaká
54%
Brazil/BarcelonaRivaldo
54%
Italy/JuventusGianluigi Buffon
53%
England/Man UtdPaul Scholes
53%
Ireland/Man UtdRoy Keane
53%
Czech Republic/JuventusPavel Nedvěd
51%
Italy/Juventus, Real MadridFabio Cannavaro
50%
Denmark/BarcelonaMichael Laudrup
50%
Bulgaria/BarcelonaHristo Stoichkov
48%
France/Man UtdÉric Cantona
47%
England/LiverpoolMichael Owen
47%
Spain/Real MadridRaúl González
45%
Argentina/FiorentinaGabriel Batistuta
43%
Scotland/LiverpoolKenny Dalglish
43%
France/ArsenalPatrick Vieira
43%
Brazil/MilanCafú
42%
Italy/JuventusAlessandro Del Piero
41%
Netherlands/Real MadridClarence Seedorf
41%
Wales/LiverpoolIan Rush
41%
Brazil/Barcelona, Vasco da GamaRomário
41%
England/West HamBobby Moore
40%
Spain/BarcelonaCarles Puyol
40%
Germany/BayernLothar Matthaus
40%
Germany/Bayern, LazioMiroslav Klose
39%
Netherlands/Man UtdEdwin van der Sar
38%
Brazil/BotafogoGarrincha
37%
Romania/Steaua, BarcelonaGheorghe Hagi
37%
Germany/Bayern, SpursJürgen Klinsmann
36%
Italy/Milan, LazioAlessandro Nesta
35%
Spain/Barcelona, ValenciaDavid Villa
35%
Netherlands/MilanFrank Rijkaard
35%
Spain/BarcelonaXavi Hernández
34%
Italy/JuventusRoberto Baggio
33%
Argentina/Chelsea, InterHernán Crespo
32%
Argentina/InterJavier Zanetti
32%
Italy/MilanFranco Baresi
30%
Mexico/Real MadridHugo Sánchez
30%
Brazil/CorinthiansSócrates
30%
Brazil/FlamengoZico
29%
Croatia/Sevilla, Real MadridDavor Šuker
28%
Netherlands/AjaxEdgar Davids
26%
Netherlands/BarcelonaPatrick Kluivert
26%
Italy/MilanFilippo Inzaghi
25%
Germany/BayernKarl-Heinz Rummenigge
25%
England/Stoke City, BlackpoolStanley Matthews
23%
France/Nice, ReimsJust Fontaine
21%
France/MarseilleJean-Pierre Papin
20%
Brazil/BotafogoJairzinho
19%
France/Monaco, JuventusLilian Thuram
18%
Cameroon/Montpellier, St. ÉtienneRoger Milla
18%
Spain/Real MadridEmilio Butragueño
16%
England/SpursJimmy Greaves
16%
France/ReimsRaymond Kopa
16%
Poland/JuventusZbigniew Boniek
15%
Argentina/ValenciaMario Kempes
14%
Italy/InterGiuseppe Meazza
13%
Netherlands/BarcelonaJohan Neeskens
11%
Wales/Leeds, JuventusJohn Charles
11%
Germany/Hamburger SVUwe Seeler
11%
Brazil/Corinthians, FluminenseRoberto Rivellino
10%
Soviet Union/Dynamo KievOleg Blokhin
8%
Argentina/River Plate, FiorentinaDaniel Passarella
6%
Denmark/PSV, AjaxDennis Rommedahl
4%

Score Distribution

Percentile by Number Answered

Percent of People with Each Score

Your Score History

You have not taken this quiz